00326nam a2200133Ia 450000500170000000800410001702000150005808200130007310000140008624500310010026000400013130000130017165000080018420250624032641.0240331s9999 xx 000 0 und d a9552002923 bGREa340 aGraru,C.A 0aJana jeevithayata neethiya aColombobS. Godage & Brothersc1989 a164 p ., aLaw